| 000 | 01149nam a22002897i 4500 | ||
|---|---|---|---|
| 005 | 20210818182313.0 | ||
| 008 | 191026s2019 ck a gr 000 p spa d | ||
| 020 | _a9789584867940 | ||
| 040 |
_aCOMFC _bspa _erda |
||
| 041 | _aspa | ||
| 100 | 1 |
_955194 _aNarváez Uchima, Claudia Patricia _eaut |
|
| 245 | 1 | 0 |
_aPoesía: voz de la naturaleza _bnaturaleza y convivencia _cClaudia Patricia Narváez Uchima, Valerio Antonio Ramírez N. |
| 250 | _aPrimera edición | ||
| 264 | 0 | 1 |
_aPereira _bC. P. Narváez Uchima, V. A. Ramírez N. _c2019 |
| 300 |
_a59 páginas _bilustraciones _c20 cm |
||
| 336 |
_2rdacontent _atxt |
||
| 337 |
_2rdamedia _an |
||
| 338 |
_2rdacarrier _anc |
||
| 700 | 1 |
_955195 _aRamírez N., Valerio Antonio _eaut |
|
| 830 |
_954297 _aDepósito Legal - Sala de Patrimonio Bibliográfico y Documental de Risaralda |
||
| 082 | 0 | 4 |
_a861.44 _bN238p |
| 650 | 0 |
_910795 _aCulto a la Naturaleza _vPoesías |
|
| 650 | 0 |
_916277 _aFotografia de la Naturaleza _vPoesías |
|
| 650 | 0 |
_924300 _aNaturaleza en la Literatura |
|
| 650 | 0 |
_924302 _aNaturaleza en la Poesia |
|
| 942 |
_2ddc _h861.44 N238p _k861.44 _mN238p |
||
| 999 |
_c15437 _d15437 |
||